Every 100,000+ City in Somalia in Order - Statistics

General Stats
  • This quiz has been taken 23 times
    10 since last reset
  • The average score is 7 of 15
Answer Stats
Letter Population City % Correct
H 1,522,075 Hargeisa
100%
M 3,742,208 Mogadishu
100%
G 504,186 Galkayo
60%
K 482,155 Kismayo
60%
M 106,991 Merca
60%
B 259,278 Baidoa
40%
B 213,955 Beledweyne
40%
B 440,096 Bosaso
40%
B 386,458 Burco
40%
G 143,910 Garowe
40%
J 122,447 Jowhar
40%
L 101,328 Laascaanood
40%
B 197,560 Borama
20%
C-B 137,210 Ceelasha Biyaha
20%
L 102,086 Luuq
20%
No matching quizzes found
Score Distribution
Percent of People with Each Score
Percentile by Number Answered
Your Score History
You have not taken this quiz since the last reset